[Event "It (open)"]
[Site "masterchessopen.com Nantes (France)"]
[Round "7"]
[White "Dgebuadze Alexandre (BEL)"]
[Black "Pirotais Jerome (FRA)"]
[Result "1-0"]
[WhiteElo "2544"]
[BlackElo "1990"]

1.e4 c5 2.Nf3 Nc6 3.d4 cxd4 4.Nxd4 g6 5.c4 Bg7 6.Be3 Nf6 7.Nc3 Ng4 8.Qxg4 Nxd4
9.Qd1 Ne6 10.Rc1 Qa5 11.Qd2 d6 12.Be2 Bd7 13.O-O Bc6 14.f3 h5 15.Rfd1 h4 16.a3
g5 17.Rc2 b6 18.Qc1 Qe5 19.Nb5 Kf8 20.b3 Rg8 21.h3 Qg3 22.Bf2 Qf4 23.Qxf4 Nxf4
24.Bf1 Ne6 25.a4 Be5 26.Nc3 Kg7 27.Nd5 Rge8 28.Ra2 Bxd5 29.cxd5 Nd8 30.b4 Nb7
31.Ba6 Rab8 32.Rad2 {#r} 1-0

[Event "It (open)"]
[Site "masterchessopen.com Zurich (Switzerland)"]
[Date "2008.12.26"]
[Round "1"]
[White "Fleck Juergen (GER)"]
[Black "Schiendorfer Florian (SUI)"]
[Result "1-0"]
[WhiteElo "2430"]
[BlackElo "2110"]

1.e4 c5 2.Nf3 Nc6 3.d4 cxd4 4.Nxd4 g6 5.c4 Bg7 6.Be3 Nf6 7.Nc3 Ng4 8.Qxg4 Nxd4
9.Qd1 Ne6 10.Rc1 d6 11.b4 a5 12.a3 axb4 13.axb4 Bd7 14.Be2 Bc6 15.Qd2 O-O
16.O-O Re8 17.Nd5 Ra3 18.Rfd1 Qa8 19.Nb6 Qd8 20.b5 Bd7 21.c5 Rb3 22.cxd6 Rb2
23.dxe7 Rxe7 24.Rc2 Rxc2 25.Qxc2 Nf8 26.Bc5 Re6 27.Bxf8 Rxb6 28.Bxg7 Kxg7
29.Qd2 {#r} 1-0

[Event "Ch City (juniors) (under 20)"]
[Site "masterchessopen.com Bialystok (Poland)"]
[Round "1"]
[White "Nasuta Grzegorz (POL)"]
[Black "Jarczewski Marcin (POL)"]
[Result "1-0"]
[WhiteElo "2044"]
[BlackElo "1888"]

1.e4 c5 2.Nf3 Nc6 3.d4 cxd4 4.Nxd4 g6 5.c4 Bg7 6.Be3 Nf6 7.Nc3 Ng4 8.Qxg4 Nxd4
9.Qd1 Ne6 10.Rc1 Qa5 11.Bd3 b6 12.O-O g5 13.a3 Qe5 14.Qd2 Bb7 15.b4 d6 16.Nd5
Rc8 17.Qd1 Bc6 18.Bc2 Qb2 19.Qd3 h6 20.Rfd1 Qe5 21.c5 dxc5 22.bxc5 Nxc5
23.Bxc5 Bxd5 24.Ba4+ Kf8 25.Bd4 {#r} 1-0

[Event "It (open) \"]
[Site "masterchessopen.com Budapest (Hungary)"]
[Date "2009.03.22"]
[Round "3"]
[White "Schenkerik Csaba (HUN)"]
[Black "Styazhkina Anna (RUS)"]
[Result "1-0"]
[WhiteElo "2153"]
[BlackElo "2056"]

1.e4 c5 2.Nf3 Nc6 3.d4 cxd4 4.Nxd4 g6 5.c4 Bg7 6.Be3 Nf6 7.Nc3 Ng4 8.Qxg4 Nxd4
9.Qd1 Ne6 10.Be2 Qa5 11.Qd2 b6 12.O-O Bb7 13.Rfd1 Rd8 14.Rac1 O-O 15.Nd5 Rfe8
16.Qxa5 bxa5 17.Bxa7 Bxd5 18.cxd5 Nf4 19.Rc2 Rc8 20.Rcd2 d6 21.Bb5 Rf8 22.Bc6
e6 23.Bb6 exd5 24.exd5 a4 25.Bxa4 Ra8 26.b3 Be5 27.g3 Nh5 28.Rc2 Nf6 29.f4
{#r} 1-0

[Event "Ch Croatia (team) (2nd league)"]
[Site "masterchessopen.com Senj (Croatia)"]
[Date "2009.04.05"]
[Round "2"]
[White "Licardo Renato (CRO)"]
[Black "Tirkajla Boris (CRO)"]
[Result "1-0"]
[WhiteElo "2182"]
[BlackElo "2156"]

1.e4 c5 2.Nf3 g6 3.d4 cxd4 4.Nxd4 Nc6 5.c4 Bg7 6.Be3 Nf6 7.Nc3 Ng4 8.Qxg4 Nxd4
9.Qd1 Ne6 10.Be2 Qa5 11.O-O Bxc3 12.bxc3 Qxc3 13.Rc1 Qa5 14.f4 d6 15.f5 Nc5
16.f6 Nxe4 17.fxe7 f5 18.c5 dxc5 19.Bb5+ Kxe7 20.Rxc5 Be6 21.Re5 Rhd8 22.Qb3
Rd6 23.Rxe4 a6 24.Bc5 fxe4 25.Qg3 {#r} 1-0

[Event "Ch Croatia (team) (2nd league)"]
[Site "masterchessopen.com Osijek (Croatia)"]
[Date "2009.05.02"]
[Round "4"]
[White "Licina Zoran (CRO)"]
[Black "Miletic Josip (CRO)"]
[Result "0-1"]
[WhiteElo "2219"]
[BlackElo "2294"]

1.e4 c5 2.Nf3 g6 3.d4 cxd4 4.Nxd4 Bg7 5.c4 Nc6 6.Be3 Nf6 7.Nc3 Ng4 8.Qxg4 Nxd4
9.Qd1 Ne6 10.Qd2 Qa5 11.Rc1 g5 12.b3 b6 13.Nd5 Qxd2+ 14.Kxd2 Bb7 15.f3 Rc8
16.Be2 d6 17.b4 h6 18.h4 Rg8 19.hxg5 hxg5 20.g3 Bb2 {#R} 0-1

[Event "It \"]
[Site "masterchessopen.com Serpukhov (Russia)"]
[Date "2009.05.07"]
[Round "12"]
[White "Antipov Mikhail Al (RUS)"]
[Black "Gorbatenko Kateryna (UKR)"]
[Result "1-0"]
[WhiteElo "2191"]
[BlackElo "2100"]

1.e4 c5 2.Nf3 Nc6 3.d4 cxd4 4.Nxd4 g6 5.c4 Bg7 6.Be3 Nf6 7.Nc3 Ng4 8.Qxg4 Nxd4
9.Qd1 Ne6 10.Rc1 Qa5 11.Bd3 Bxc3+ 12.Rxc3 Qxa2 13.Qc1 Qa5 14.c5 O-O 15.f4 b6
16.cxb6 axb6 17.O-O Bb7 18.Rb3 Qa4 19.Rxb6 Bxe4 20.b3 Qa5 21.Bxe4 d5 22.b4 Qa2
23.Rf2 Qa1 24.Bxd5 Rfd8 25.Bf3 Qxc1+ 26.Bxc1 Ra1 27.Rf1 Nd4 28.Bb2 Nxf3+
29.gxf3 {#r} 1-0

[Event "Cup Serbia (team)"]
[Site "masterchessopen.com Sombor (Serbia)"]
[Date "2009.05.23"]
[Round "6"]
[White "Savicevic Vlatko (SRB)"]
[Black "Popovic Milos (SRB)"]
[Result "0-1"]
[WhiteElo "2331"]
[BlackElo "2423"]

1.e4 c5 2.Nf3 Nc6 3.d4 cxd4 4.Nxd4 g6 5.c4 Bg7 6.Be3 Nf6 7.Nc3 Ng4 8.Qxg4 Nxd4
9.Qd1 e5 10.Nb5 O-O 11.Nxd4 exd4 12.Bxd4 Qa5+ 13.Ke2 Re8 14.f3 d5 15.Bxg7
Rxe4+ 16.Kf2 Qc5+ 17.Kg3 Qe3 18.h3 Qf4+ 19.Kf2 Kxg7 20.Qc1 Qf6 21.Kg1 Rd4
22.cxd5 Bf5 23.Qe3 Rc8 24.Re1 Rxd5 25.Rh2 Bd7 26.Qf2 Rdc5 27.g3 Be6 28.b3 h5
29.f4 h4 30.gxh4 Rh5 31.Rg2 Rxh4 32.Rg3 Rxf4 33.Qxa7 Rc2 34.Bg2 Rff2 35.a3 Qb2
{#R} 0-1

[Event "Ch Chigorin Chess Club"]
[Site "masterchessopen.com St. Petersburg (Russia)"]
[Date "2009.05.24"]
[Round "5"]
[White "Melnikov Dmitry (RUS)"]
[Black "Malakhov Igor (RUS)"]
[Result "0-1"]
[WhiteElo "2327"]
[BlackElo "2414"]

1.e4 c5 2.Nf3 Nc6 3.d4 cxd4 4.Nxd4 g6 5.c4 Bg7 6.Be3 Nf6 7.Nc3 Ng4 8.Qxg4 Nxd4
9.Qd1 Ne6 10.Rc1 b6 11.b4 Bb7 12.Nd5 O-O 13.Be2 f5 14.exf5 gxf5 15.g4 Nc7
16.O-O Nxd5 17.cxd5 Rc8 18.Qd3 Rxc1 19.Rxc1 Qb8 20.d6 exd6 21.Bd4 Rf7 22.Bxg7
Rxg7 23.Bf3 Bxf3 24.Qxf3 Qe8 25.h3 h6 26.Qd5+ Qe6 27.Rd1 Rg6 28.Kg2 Kf7
29.Qxe6+ Kxe6 30.Rc1 d5 31.Re1+ Kd6 32.Re3 Re6 {#R} 0-1

[Event "It (open)"]
[Site "masterchessopen.com Stillwater (USA)"]
[Date "2009.05.25"]
[Round "7"]
[White "Kudrin Sergey (USA)"]
[Black "Movsisyan Movses (USA)"]
[Result "1-0"]
[WhiteElo "2578"]
[BlackElo "2228"]

1.e4 c5 2.Nf3 Nc6 3.d4 cxd4 4.Nxd4 g6 5.c4 Bg7 6.Be3 Nf6 7.Nc3 Ng4 8.Qxg4 Nxd4
9.Qd1 Ne6 10.Rc1 O-O 11.Bd3 b6 12.b4 Bb7 13.O-O a5 14.a3 axb4 15.axb4 Ra3
16.Qd2 Nd4 17.Bxd4 Bxd4 18.Nb5 Rxd3 19.Qxd3 Bg7 20.Rfd1 d6 21.c5 bxc5 22.bxc5
Qa8 23.Nc7 Qa4 24.c6 Bc8 25.Nd5 Re8 26.c7 Qa7 27.Qb5 Kf8 28.Nb6 Bh6 29.Qxe8+
Kxe8 30.Nxc8 {#r} 1-0

[Event "Ch Bulgaria (team) (2 div)"]
[Site "masterchessopen.com Sunny Beach (Bulgaria)"]
[Date "2009.06.13"]
[Round "6"]
[White "Panajotov Janko (BUL)"]
[Black "Stoilov Atanas (BUL)"]
[Result "1-0"]
[WhiteElo "2211"]
[BlackElo "2162"]

1.e4 c5 2.Nf3 g6 3.d4 cxd4 4.Nxd4 Bg7 5.c4 Nc6 6.Be3 Nf6 7.Nc3 Ng4 8.Qxg4 Nxd4
9.Qd1 Ne6 10.Qd2 Qa5 11.Rc1 g5 12.Be2 d6 13.b3 Qe5 14.f3 Bd7 15.g3 Bc6 16.b4
b6 17.Nd5 g4 18.fxg4 Qxe4 19.O-O Bxd5 20.cxd5 Qxe3+ 21.Qxe3 Bd4 22.Bb5+ Kf8
23.Rxf7+ Kxf7 24.dxe6+ {#r} 1-0

[Event "It (open)"]
[Site "masterchessopen.com Heraklio (Greece)"]
[Date "2009.06.14"]
[Round "2"]
[White "Okara Andrey (RUS)"]
[Black "Panagiotakos Petros (GRE)"]
[Result "1-0"]
[WhiteElo "2389"]
[BlackElo "1887"]

1.e4 c5 2.Nf3 Nc6 3.d4 cxd4 4.Nxd4 g6 5.c4 Bg7 6.Be3 Nf6 7.Nc3 Ng4 8.Qxg4 Nxd4
9.Qd1 Ne6 10.Rc1 Qa5 11.Bd3 d6 12.O-O Bd7 13.f4 Bc6 14.Qe2 Bd4 15.Kh1 Bxe3
16.Qxe3 Qc5 17.Qd2 Qd4 18.b4 b6 19.Ne2 Qg7 20.Qe3 O-O 21.Rf2 Rac8 22.Rcf1 Nc7
23.f5 f6 24.c5 bxc5 25.bxc5 d5 26.Nd4 Be8 27.Qe2 Kh8 28.exd5 Bf7 29.d6 exd6
30.cxd6 Rcd8 31.Qf3 Bd5 32.Qh3 Na8 33.fxg6 Rxd6 34.Rf5 {#r} 1-0

[Event "Ch Europe (schools) (team)"]
[Site "masterchessopen.com Varna (Bulgaria)"]
[Date "2009.06.14"]
[Round "2"]
[White "Condurat Florin-Marian (ROM)"]
[Black "Styazhkina Anna (RUS)"]
[Result "0-1"]
[WhiteElo "1667"]
[BlackElo "2056"]

1.e4 c5 2.Nf3 g6 3.d4 cxd4 4.Nxd4 Bg7 5.c4 Nc6 6.Be3 Nf6 7.Nc3 Ng4 8.Qxg4 Nxd4
9.Qd1 Ne6 10.Rc1 Qa5 11.Qd2 b6 12.Bd3 Bb7 13.O-O O-O 14.f3 g5 15.b3 Rfc8 16.f4
gxf4 17.Bxf4 Nxf4 18.Rxf4 Qg5 19.Rf2 Qxd2 20.Rxd2 Bh6 21.Rcd1 Bxd2 22.Rxd2 d6
23.Be2 Rc5 24.Nd5 Bxd5 25.exd5 Rd8 26.Bg4 b5 27.Re2 bxc4 28.bxc4 Rxc4 29.Rxe7
Rxg4 {#R} 0-1

[Event "Ch Europe (schools) (team)"]
[Site "masterchessopen.com Varna (Bulgaria)"]
[Date "2009.06.17"]
[Round "4"]
[White "Vasenina Anna (RUS)"]
[Black "Styazhkina Anna (RUS)"]
[Result "1-0"]
[WhiteElo "1750"]
[BlackElo "2056"]

1.e4 c5 2.Nf3 g6 3.d4 cxd4 4.Nxd4 Bg7 5.c4 Nc6 6.Be3 Nf6 7.Nc3 Ng4 8.Qxg4 Nxd4
9.Qd1 Ne6 10.Qd2 Qa5 11.Nd5 Qxd2+ 12.Kxd2 Bxb2 13.Rb1 Bg7 14.f4 Kd8 15.g3 Nc7
16.Nc3 d6 17.Bg2 b6 18.e5 Rb8 19.exd6 exd6 20.Rhe1 Bf5 21.Rb3 Re8 22.Bc6 Bd7
23.Bf3 Ne6 24.Kc2 Ke7 25.Nd5+ Kf8 26.Nc3 Rbc8 {#r} 1-0

[Event "It (cat.2)"]
[Site "masterchessopen.com Singapore"]
[Date "2009.06.21"]
[Round "1"]
[White "Chua Zheng Yuan Terry (SIN)"]
[Black "Ranola Yves (PHI)"]
[Result "0-1"]
[WhiteElo "2226"]
[BlackElo "2389"]

1.e4 c5 2.Nf3 g6 3.d4 cxd4 4.Nxd4 Bg7 5.c4 Nc6 6.Be3 Nf6 7.Nc3 Ng4 8.Qxg4 Nxd4
9.Qd1 Ne6 10.Be2 Bxc3+ 11.bxc3 Qc7 12.O-O b6 13.f4 Bb7 14.e5 Rc8 15.Rb1 g5
16.f5 Qxe5 17.Qd2 Nf4 18.Rxf4 gxf4 19.Bd4 Qd6 20.Bf1 Rg8 21.Qf2 Rxc4 22.Bxb6
axb6 23.Rxb6 Qc7 24.Rxb7 Qxb7 25.Bxc4 Qb1+ 26.Bf1 Qxf5 27.Qb6 Qe5 28.Qb7 Kf8
29.Qxd7 Rg6 30.Qd3 Kg7 31.h3 Rg3 32.Qd7 Rxc3 33.a4 Rc1 {#R} 0-1

[Event "Ch Poland (team) (juniors) (1 liga)"]
[Site "masterchessopen.com Chotowa (Poland)"]
[Round "8"]
[White "Graca Robert (FRA)"]
[Black "Klekowski Maciej (POL)"]
[Result "0-1"]
[WhiteElo "2183"]
[BlackElo "2292"]

1.Nf3 c5 2.c4 Nc6 3.d4 cxd4 4.Nxd4 g6 5.e4 Bg7 6.Be3 Nf6 7.Nc3 Ng4 8.Qxg4 Nxd4
9.Qd1 Ne6 10.Rc1 O-O 11.Be2 d6 12.O-O Nc5 13.f3 Be6 14.b4 Nd7 15.Qb3 a5 16.a3
axb4 17.axb4 Qb8 18.Nd5 Bxd5 19.exd5 b6 20.Rfe1 Qb7 21.f4 Ra7 22.Bf3 Rc8
23.Bf2 Bf6 24.Qd1 Ra2 25.c5 bxc5 26.bxc5 Qa7 27.Re2 Rxe2 28.Qxe2 Nxc5 29.Bxc5
dxc5 30.d6 Rd8 31.dxe7 Bxe7 {#R} 0-1

[Event "It (open)"]
[Site "masterchessopen.com Nachod (Czech Republic)"]
[Date "2009.07.05"]
[Round "2"]
[White "Postupa Pavel_ (CZE)"]
[Black "Rosko Lubos (CZE)"]
[Result "0-1"]
[WhiteElo "2081"]
[BlackElo "2292"]

1.e4 c5 2.c4 Nc6 3.Ne2 g6 4.d4 cxd4 5.Nxd4 Bg7 6.Be3 Nf6 7.Nc3 Ng4 8.Qxg4 Nxd4
9.Qd1 Ne6 10.Be2 b6 11.Qd2 O-O 12.O-O Bb7 13.Rad1 d6 14.Bh6 Re8 15.Bxg7 Kxg7
16.Qe3 Qc7 17.Nd5 Qc5 18.Qxc5 bxc5 19.Bg4 Bxd5 20.cxd5 Nd4 21.b4 f5 22.bxc5
dxc5 23.exf5 gxf5 24.Bh5 Red8 25.Rfe1 Rxd5 26.Rb1 Kf6 27.f4 Rad8 28.Re3 Ne6
29.g3 Rd2 30.Ra3 R8d7 31.Rb8 Rc2 32.Rb1 Rdd2 33.Rxa7 Rg2+ 34.Kf1 Rxh2 {#R} 0-1

[Event "It (open)"]
[Site "masterchessopen.com Oberwart (Austria)"]
[Date "2009.07.14"]
[Round "4"]
[White "Schreiner Peter (AUT)"]
[Black "Vrana Frantisek (CZE)"]
[Result "1-0"]
[WhiteElo "2188"]
[BlackElo "2307"]

1.e4 c5 2.Nf3 Nc6 3.d4 cxd4 4.Nxd4 g6 5.c4 Bg7 6.Be3 Nf6 7.Nc3 Ng4 8.Qxg4 Nxd4
9.Qd1 e5 10.Bd3 O-O 11.O-O d6 12.Nd5 Be6 13.Qd2 f5 14.f4 Bxd5 15.cxd5 exf4
16.Rxf4 g5 17.Rff1 f4 18.Bf2 Qf6 19.Rad1 Rac8 20.Bb1 Nb5 21.Qd3 a6 22.a4 Nc7
23.e5 Qh6 24.exd6 Na8 25.Rfe1 g4 26.Re6 Qh5 27.Rde1 f3 28.d7 Rcd8 29.R1e5 Bxe5
30.Rxe5 Qh6 31.Rg5+ Kf7 32.Qf5+ {#r} 1-0

[Event "Ch Moscow Region (open)"]
[Site "masterchessopen.com Moscow (Russia)"]
[Date "2009.08.05"]
[Round "10"]
[White "Isaly Sultan (RUS)"]
[Black "Tchernyi Viktor (RUS)"]
[Result "1-0"]
[WhiteElo "2051"]
[BlackElo "2145"]

1.e4 c5 2.Nf3 g6 3.c4 Bg7 4.d4 cxd4 5.Nxd4 Nf6 6.Nc3 Nc6 7.Be3 Ng4 8.Qxg4 Nxd4
9.Qd1 Ne6 10.Be2 Bxc3+ 11.bxc3 Qa5 12.Qd2 Qe5 13.Bd3 g5 14.O-O b6 15.Bc2 f6
16.Rad1 Qc7 17.Ba4 Kf7 18.Qe2 h5 19.Rd2 d6 20.f4 gxf4 21.Bxf4 Bb7 22.Qf3 Rag8
23.Bxd6 Qd8 24.Bxe7 Rxg2+ 25.Qxg2 {#r} 1-0

[Event "Ch Serbia (team)"]
[Site "masterchessopen.com Kragujevac (Serbia)"]
[Date "2009.09.08"]
[Round "8"]
[White "Brenjo Slavisa (SRB)"]
[Black "Dragojlovic Andjelko (SRB)"]
[Result "1-0"]
[WhiteElo "2495"]
[BlackElo "2397"]

1.e4 c5 2.Nf3 g6 3.d4 Bg7 4.c4 cxd4 5.Nxd4 Nc6 6.Be3 Nf6 7.Nc3 Ng4 8.Qxg4 Nxd4
9.Qd1 Ne6 10.Rc1 d6 11.Bd3 Qa5 12.Qd2 b6 13.O-O g5 14.Rfd1 Bb7 15.a3 Bd4 16.b4
Bxe3 17.fxe3 Qe5 18.Rf1 h5 19.Rf5 Qg7 20.Nd5 f6 21.c5 dxc5 22.Bb5+ Kf8 23.Nxf6
exf6 24.Qd6+ Kf7 25.e5 Rhd8 26.Bd7 Nf8 27.exf6 Qg6 28.Qe7+ Kg8 29.Be8 Qh6
30.Qxb7 Kh8 31.Bxh5 cxb4 32.axb4 g4 33.Qe4 {#r} 1-0

[Event "It (open)"]
[Site "masterchessopen.com Paington (England)"]
[Date "2009.09.12"]
[Round "7"]
[White "Hodgson John H (ENG)"]
[Black "Kirby Peter J (ENG)"]
[Result "1-0"]
[WhiteElo "2180"]
[BlackElo "2055"]

1.e4 c5 2.Nf3 Nc6 3.d4 cxd4 4.Nxd4 g6 5.c4 Bg7 6.Be3 Nf6 7.Nc3 Ng4 8.Qxg4 Nxd4
9.Qd1 Ne6 10.Rc1 Qa5 11.Bd3 h5 12.O-O b6 13.a3 Bb7 14.Kh1 g5 15.Nb5 Be5 16.b4
Qa6 17.c5 Kd8 18.Nd6 Qxa3 19.Nxf7+ Ke8 20.Nxe5 Qxb4 21.Bd2 Qa3 22.Bc3 Rh6
23.cxb6 axb6 24.Bb5 {#r} 1-0

[Event "Ch Chess Club (1/2 final)"]
[Site "masterchessopen.com Voronezh (Russia)"]
[Date "2009.09.16"]
[Round "5"]
[White "Artemov Nikita (RUS)"]
[Black "Leun Victor (RUS)"]
[Result "1-0"]
[WhiteElo "1843"]
[BlackElo "1936"]

1.e4 c5 2.Nf3 Nc6 3.d4 cxd4 4.Nxd4 g6 5.c4 Bg7 6.Be3 Nf6 7.Nc3 Ng4 8.Qxg4 Nxd4
9.Qd1 Ne6 10.Qd2 Qa5 11.Rc1 O-O 12.Be2 Bxc3 13.Rxc3 Qxa2 14.O-O Qa5 15.Bh6 Re8
16.f4 Qc5+ 17.Kh1 f5 18.exf5 Qxf5 19.Bd3 Qh5 20.f5 g5 21.fxe6 Qxh6 22.Bxh7+
Qxh7 23.Qxg5+ Qg7 24.Rg3 {#r} 1-0

[Event "Tournament (team) (juniors)"]
[Site "masterchessopen.com Elista (Russia)"]
[Round "0"]
[White "Dordzhieva Dinara (RUS)"]
[Black "Barantseva Alexandra (UKR)"]
[Result "0-1"]
[WhiteElo "2058"]
[BlackElo "1800"]

1.e4 c5 2.Nf3 g6 3.d4 cxd4 4.Nxd4 Bg7 5.Be3 Nc6 6.c4 Nf6 7.Nc3 Ng4 8.Qxg4 Nxd4
9.Qd1 e5 10.Bd3 O-O 11.O-O d6 12.Kh1 Be6 13.Rc1 f5 14.f3 f4 15.Bf2 g5 16.Ne2
Qf6 17.Nxd4 exd4 18.b3 h5 19.Be2 Qg6 20.Bxd4 g4 21.Bxg7 Qxg7 22.Qxd6 Rf6
23.Qd4 g3 24.c5 Qg5 25.Bc4 gxh2 26.Bxe6+ Rxe6 27.Qd7 Rae8 28.Kxh2 Qg3+ 29.Kh1
h4 30.Rc2 h3 31.Rg1 Kf8 32.Qd1 Rh6 {#R} 0-1

[Event "It (open)"]
[Site "masterchessopen.com Bad Wiessee (Germany)"]
[Date "2009.11.06"]
[Round "8"]
[White "Nagel Bernhard (GER)"]
[Black "Parligras Mircea (ROM)"]
[Result "0-1"]
[WhiteElo "2263"]
[BlackElo "2557"]

1.Nf3 c5 2.c4 g6 3.e4 Nc6 4.d4 cxd4 5.Nxd4 Bg7 6.Be3 Nf6 7.Nc3 Ng4 8.Qxg4 Nxd4
9.Qd1 Ne6 10.Qd2 Qa5 11.Rc1 b6 12.b3 Bb7 13.f3 f5 14.Bd3 f4 15.Bf2 Qh5 16.Nd5
Be5 17.Ke2 Rf8 18.b4 Rc8 19.Bb1 g5 20.h3 Qg6 21.Rhd1 d6 22.Bc2 h5 23.Ba4+ Kf7
24.Bb3 g4 25.a4 Rfd8 26.Qe1 Rg8 27.Qd2 gxf3+ 28.gxf3 Qg2 29.c5 Rg3 30.Qd3 Nd4+
31.Ke1 Nxf3+ {#R} 0-1

[Event "Ch World (juniors) (under 16)"]
[Site "masterchessopen.com Kemer (Turkey)"]
[Date "2009.11.14"]
[Round "3"]
[White "Debashish Das (IND)"]
[Black "Postolachi Viorel (MDA)"]
[Result "1-0"]
[WhiteElo "2374"]
[BlackElo "2097"]

1.e4 c5 2.Nf3 Nc6 3.d4 cxd4 4.Nxd4 g6 5.c4 Bg7 6.Be3 Nf6 7.Nc3 Ng4 8.Qxg4 Nxd4
9.Qd1 Ne6 10.Qd2 Qa5 11.Rc1 b6 12.Bd3 g5 13.b3 Qe5 14.Nd5 Bb7 15.O-O Rc8 16.b4
Rg8 17.a4 Bh8 18.a5 Nd4 19.f4 gxf4 20.Bxf4 Qh5 21.Qf2 e6 22.Nc3 bxa5 23.bxa5
a6 24.Kh1 Bc6 25.Rce1 Nb3 26.Nd5 Nxa5 27.Bd6 Nb7 28.Be2 Qg6 29.Ne7 Qg7 30.Nxc8
{#r} 1-0

[Event "It \"]
[Site "masterchessopen.com Singapore"]
[Date "2009.12.13"]
[Round "7"]
[White "Lee Kim Han Edward (MAS)"]
[Black "Konguvel Ponnuswamy (IND)"]
[Result "1-0"]
[WhiteElo "2104"]
[BlackElo "2419"]

1.e4 c5 2.Nf3 g6 3.c4 Bg7 4.d4 cxd4 5.Nxd4 Nc6 6.Be3 Nf6 7.Nc3 Ng4 8.Qxg4 Nxd4
9.Qd1 Ne6 10.Rc1 Qa5 11.Qd2 b6 12.Be2 Bb7 13.f3 g5 14.O-O Qe5 15.Rcd1 d6 16.g3
Rg8 17.Rf2 Rc8 18.Bf1 Kf8 19.Nd5 h5 20.Bg2 h4 21.f4 gxf4 22.gxf4 Qxb2 23.Qd3
Bxd5 24.Rxb2 Bxc4 25.Rc2 b5 26.Kh1 Rc7 27.Qd2 Ke8 28.e5 h3 29.Bxh3 Bf8 30.f5
Nc5 31.Qa5 {#r} 1-0

[Event "Tournament (municipal) (final)"]
[Site "masterchessopen.com Habana (Cuba)"]
[Date "2009.12.14"]
[Round "2"]
[White "Collazo Jorge Luis"]
[Black "Perez Coyula Rafael Alcides (CUB)"]
[Result "1-0"]
[WhiteElo "2015"]
[BlackElo "1977"]

1.e4 c5 2.Nf3 Nc6 3.d4 cxd4 4.Nxd4 g6 5.c4 Bg7 6.Be3 Nf6 7.Nc3 Ng4 8.Nc2 Nxe3
9.Nxe3 O-O 10.Bd3 d6 11.Rc1 f5 12.exf5 gxf5 13.Qh5 Nd4 14.O-O Rf6 15.Ncd5 Rh6
16.Qd1 e6 17.Nf4 Qg5 18.g3 Be5 19.Nfg2 f4 20.h4 Qd8 21.Ng4 f3 22.Nxh6+ {#r}
1-0

[Event "It (open)"]
[Site "masterchessopen.com Gijon (Spain)"]
[Date "2009.12.27"]
[Round "2"]
[White "Alonso Alvarez Aitor (ESP)"]
[Black "Lazcano Arguelles David (ESP)"]
[Result "1-0"]
[WhiteElo "2247"]
[BlackElo "2044"]

1.e4 c5 2.Nf3 Nc6 3.d4 cxd4 4.Nxd4 g6 5.c4 Bg7 6.Be3 Nf6 7.Nc3 Ng4 8.Qxg4 Nxd4
9.Qd1 Ne6 10.Rc1 Qa5 11.a3 b6 12.Bd3 O-O 13.O-O Bxc3 14.Rxc3 Qe5 15.f4 Qg7
16.Bb1 d6 17.f5 Nc7 18.Qd2 Rd8 19.e5 d5 20.f6 Qf8 21.Bh6 Qe8 22.Bxg6 hxg6
23.Bg7 {#r} 1-0

[Event "It (open)"]
[Site "masterchessopen.com Bois-Colombes (France)"]
[Date "2009.12.29"]
[Round "7"]
[White "Konopka Jeremiasz (FRA)"]
[Black "Eid Amine (FRA)"]
[Result "1-0"]
[WhiteElo "2014"]
[BlackElo "1828"]

1.e4 c5 2.Nf3 g6 3.c4 Bg7 4.d4 cxd4 5.Nxd4 Nc6 6.Be3 Nf6 7.Nc3 Ng4 8.Qxg4 Nxd4
9.Bd3 d5 10.Qd1 dxc4 11.Bxc4 O-O 12.O-O Rb8 13.Bd5 Nc6 14.Rb1 a5 15.Qb3 Nb4
16.Rfd1 Qc7 17.a3 Nxd5 18.Nxd5 Be6 19.Qb6 Qc2 20.Nxe7+ Kh8 21.Bf4 Rbe8 22.Qxb7
Bd4 23.Bg3 Ba2 24.Rbc1 Qxb2 25.Qd7 Rd8 26.Qc7 Bc3 27.Bd6 Bb3 28.Rb1 Qc2
29.Rdc1 Qd3 30.Qxc3+ Qxc3 31.Rxc3 Ba2 32.Rd1 {#r} 1-0

[Event "It (open)"]
[Site "masterchessopen.com Gijon (Spain)"]
[Date "2010.01.03"]
[Round "7"]
[White "Hernandez Iglesias Francisco (ESP)"]
[Black "Alonso Alvarez Aitor (ESP)"]
[Result "1-0"]
[WhiteElo "1874"]
[BlackElo "2254"]

1.e4 c5 2.Nf3 Nc6 3.d4 cxd4 4.Nxd4 g6 5.c4 Bg7 6.Be3 Nf6 7.Nc3 Ng4 8.Qxg4 Nxd4
9.Qd1 e5 10.f4 d6 11.Bxd4 exd4 12.Nd5 O-O 13.Bd3 f5 14.O-O fxe4 15.Bxe4 Rb8
16.Qd3 Bd7 17.Rae1 Kh8 18.f5 gxf5 19.Bxf5 Bxf5 20.Rxf5 Rxf5 21.Qxf5 Qa5 22.Re7
d3 23.Qf7 Qc5+ 24.Kh1 Rg8 25.Nf6 Qc8 26.Qh5 h6 27.Qxh6+ {#r} 1-0

[Event "Czech League 2009/10 (2nd) (f)"]
[Site "masterchessopen.com Czech Republic"]
[Round "6"]
[White "Olsarova Karolina (CZE)"]
[Black "Sikora-Lerch Jan (CZE)"]
[Result "1-0"]
[WhiteElo "2203"]
[BlackElo "2212"]

1.e4 c5 2.Nf3 g6 3.c4 Nc6 4.d4 cxd4 5.Nxd4 Bg7 6.Be3 Nf6 7.Nc3 Ng4 8.Qxg4 Nxd4
9.Qd1 e5 10.Bd3 O-O 11.O-O d6 12.f3 Be6 13.Rc1 Rc8 14.b3 Qa5 15.Qd2 f5 16.Rfd1
Qd8 17.Bb1 Rf7 18.Kh1 a6 19.exf5 Bxf5 20.Be4 Bxe4 21.Nxe4 Rfc7 22.Bg5 Qf8
23.Nc3 h6 24.Bh4 Rf7 25.Bf2 Re8 26.Re1 Kh7 27.Rcd1 h5 28.Be3 Bh6 29.Bxh6 Qxh6
30.Ne4 Qxd2 31.Rxd2 Rff8 32.Nxd6 Rd8 33.Nxb7 Rde8 {#r} 1-0

[Event "It (open) (b)"]
[Site "masterchessopen.com Moscow (Russia)"]
[Date "2010.02.07"]
[Round "9"]
[White "Kozionov Kirill (RUS)"]
[Black "Shoshin Valeriy (RUS)"]
[Result "1-0"]
[WhiteElo "2093"]
[BlackElo "1766"]

1.e4 c5 2.Ne2 g6 3.d4 cxd4 4.Nxd4 Bg7 5.c4 Nc6 6.Be3 Nf6 7.Nc3 Ng4 8.Qxg4 Nxd4
9.Qd1 Nc6 10.Qd2 O-O 11.Be2 Re8 12.O-O b6 13.Rad1 d6 14.f4 Bb7 15.Bf3 Rc8
16.b3 Qd7 17.Bf2 Qd8 18.Nb5 Ba6 19.e5 Bxb5 20.cxb5 Nb8 21.exd6 Qxd6 22.Qxd6
exd6 23.Rxd6 Rc2 24.a4 Rec8 25.Rfd1 Bf8 26.R6d3 Rb2 27.Bd4 Ra2 28.Be5 Bc5+
29.Kh1 Rf2 30.Rd8+ Rxd8 31.Rxd8+ Bf8 32.h3 {#r} 1-0

[Event "It (open)"]
[Site "masterchessopen.com Karpacz (Poland)"]
[Date "2010.02.22"]
[Round "1"]
[White "Zielinski Olgierd (POL)"]
[Black "Maruszczak Joanna (POL)"]
[Result "1-0"]
[WhiteElo "1943"]
[BlackElo "1738"]

1.e4 c5 2.Nf3 Nc6 3.d4 cxd4 4.Nxd4 g6 5.c4 Bg7 6.Be3 Nf6 7.Nc3 Ng4 8.Qxg4 Nxd4
9.Qd1 Ne6 10.Be2 O-O 11.Qd2 d6 12.O-O Bd7 13.Bh6 Qa5 14.Nd5 Qxd2 15.Nxe7+ Kh8
16.Bxd2 Nc5 17.Bf3 Be6 18.Nd5 Bxb2 19.Rab1 Be5 20.Bh6 Rfe8 21.Rfc1 Rac8 22.Be3
b6 23.g3 f5 24.exf5 Bxf5 25.Ra1 Bxa1 26.Rxa1 Nd3 27.Bd4+ Ne5 28.Be2 Kg7 29.f4
Kf7 30.fxe5 dxe5 31.Bd3 Ke6 32.Rf1 h5 {#r} 1-0